000 00859nac a22002411u 4500
010 _a010657753
020 _a0091819601
028 _bwww.lib.uk.
082 _a658.4092
_bL545
090 _c2519
_d2519
100 _aLencoini, Patrick.
245 _aThe Five Temptations Of A CEO:
_bA Leadership Fable.
_cPatrick Lencoini.
260 _aLondon:
_bVermilion
_cC.1998.
300 _aix,134p. ;
_b20cm.
500 _aOriginally published: San Francisco : Jossey-Bass, 1998
500 _aShuaa.
600 _aPatrick Lencoini.
650 _aLeadership-Fiction.
650 _aExecutive ability- Fiction.
700 _aPatrick Lencoini.
942 _cBB
_k658.4092L545
999 _c2519
_d2519